00148 a2200073 450000100060000010000180000624500340002426000160005810115 aLenczowski, G aMiddle east in world affairs. abCornellc